00225nam a22000977a 4500008004100000041000800041080000700049100000700056101000800063245005600071180222b xxu||||| |||| 00| 0 eng d aeng a32 a23 apol apolitical economy and laissez fairecrajani.k.k